• 首页
  • 本馆介绍
  • 公告通知
  • 最新文献
  • 馆藏检索
  • 电子资源
  • 读者导购
  • 参考咨询
  • 我的图书馆
  • 登录
  • 详细信息显示
  • 放入我的书架
  • 预约/预借图书
  • 作者相关作品
  • 分类相关作品
  • 丛书相关作品
  • 出版社相关作品

书目信息

  • 表格格式
  • 工作单格式
  • 卡片格式
题名:
势能大气复氧理论与实践
    
 
作者: 陈鸣钊 , 丁训静 编著
分册:  
出版信息: 北京   化学工业出版社  2006
页数: 201页
开本: 26cm
丛书名:
单 册:
中图分类: X703.1
科图分类:
主题词: 污水处理--生物处理
电子资源:
ISBN: 7-5025-8415-3
000 01016nam0 2200277 450
001 012004046691
005 20070805151829.46
009 012004046691
010    @a7-5025-8415-3@dCNY39.80
035    @a(110019)012006045340
100    @a20060615d2006 em y0chiy0110 ea
101 0  @achi
102    @aCN@b110000
105    @ay z 000yy
106    @ar
200 1  @a势能大气复氧理论与实践@Ashi neng da qi fu yang li lun yu shi jian@e污水生物处理新台阶@Ewu shui sheng wu chu li xin tai jie@f陈鸣钊, 丁训静编著@Fchen ming zhao , ding xun jing bian zhu
210    @a北京@c化学工业出版社@d2006
215    @a201页@d26cm
330    @a本书阐述势能大气复氧理论。具体内容包括:绪论、水利学科基础、环境学科基础、势能大气复氧理论、生产应用实例。
517 1  @a污水生物处理新台阶@Awu shui sheng wu chu li xin tai jie
606 0  @a污水处理@x生物处理
690    @aX703.1@v4
701  0 @a陈鸣钊@Achen ming zhao@4编著
701  0 @a丁训静@Ading xun jing@4编著
801  0 @aCN@b110019@c20070805
905    @dX703.1@e108@f5
    
    势能大气复氧理论与实践:污水生物处理新台阶/陈鸣钊, 丁训静编著.-北京:化学工业出版社,2006
    201页;26cm
    
    
    ISBN 7-5025-8415-3:CNY39.80
    本书阐述势能大气复氧理论。具体内容包括:绪论、水利学科基础、环境学科基础、势能大气复氧理论、生产应用实例。
●
相关链接 在E读中查询图书 在五车中查询图书 在当当中查询图书 在豆瓣中查询图书


正题名:势能大气复氧理论与实践     索取号:X703.1/108         预约/预借

序号 登录号 条形码 馆藏地/架位号 状态 备注
1 0850707   208507070   第二样本阅览室/ [索取号:X703.1/108] 在馆    
2 0850708   208507089   第三借阅区/ [索取号:X703.1/108] 在馆    
3 0850709   208507098   第三借阅区/ [索取号:X703.1/108] 在馆    
4 0850710   208507105   第三借阅区/ [索取号:X703.1/108] 在馆    
5 0850711   208507114   第三借阅区/ [索取号:X703.1/108] 在馆    
唐山师范学院图书馆 欢迎您!
大连网信软件有限公司© 版权所有